000 00562cam a22002052 4500
001 0000003151
005 20151217151916.0
008 070430s xx 000 0 eng d
020 _a074518586 :
_cKES 500
040 _aKABU
_cKABU
050 0 _aHM1261
_b.H45
100 1 _aHeifetz, Ronald A.
_@0000152829
245 1 0 _aLeadership without easy answers.
260 _aLondon :
_bBelknap Press,
_c1994.
300 _axi, 348 p.
650 0 _aLeadership.
_@0000150687
908 _a070430
950 _@1
999 _c6253
_d6253